Co to za logo #7- Samochody - Statystyki

Ogólne statystyki
  • Ten quiz został rozwiązany 1 614 razy
  • Średni wynik to 16 z 20
Statystyki odpowiedzi
Obrazkowy Odpowiedź % Poprawnych
BMW
99%
Mercedes
99%
Opel
98%
Skoda
98%
Tesla
98%
Toyota
97%
Jaguar
96%
Citroen
95%
Bentley
93%
Lamborghini
93%
Nissan
93%
Subaru
89%
Suzuki
88%
Volvo
87%
Mini
77%
Mustang
73%
Maserati
71%
Acura
45%
Lincoln
25%
Scion
11%
Nie znaleziono quizów pasujących do podanych kryteriów
Rozkład punktacji
Procent ludzi z każdym wynikiem
Percentyl według liczby udzielonych odpowiedzi
Twoja historia wyników
Nie rozwiązałeś tego quizu